000 00663nam a2200241Ia 4500
003 OSt
005 20221006143810.0
006 a|||||r|||| 00| 0
007 ta
008 221006b |||||||| |||| 00| 0 eng d
024 _a10,003
037 _bGift,
_cTextual
040 _aEASL
_cEASL
_beng
041 _2eng
_aeng
082 _aO41,3xK, M1-;1
100 _aYANG Xianyi
_9650410
245 0 _aCourtesan's jewel box
260 _aBeijing
_bForeign Languages Press
_c1981
300 _a520p.
_ccm.
700 _a YANG Gladys
_9650411
942 _hO41,3xK, M1-;1
_cTEXL
_2CC
999 _c1078089
_d1078089